| 000 | 00337nam a22001337a 4500 | ||
|---|---|---|---|
| 020 | _a9781352010718 | ||
| 082 |
_a345.41 _bJAM |
||
| 100 | _aJames, Mark | ||
| 245 |
_aCore Statutes on Criminal Law 2020-2021 / _cMark James |
||
| 260 |
_aLondon: _bRed Globe Press, _c2020. |
||
| 300 | _a218 p. | ||
| 563 | _aPB. | ||
| 942 |
_2ddc _cBK |
||
| 999 |
_c613786 _d613786 |
||